01563cam a22003614a 450000100090000000300040000900500170001300800410003001000170007102000220008803500130011004000180012304200080014105000240014908200120017310000280018524500920021326000390030530000210034433600260036533700280039133800270041949000110044650400510045750503110050865000190081965000250083877601260086390600450098994200120103499900170104695201380106317523309OSt20260122142534.0121108s2013 ilu b 001 0 eng  a 2012037604 a9781433535895qhc a17523309 aDLCcDLCdDLC apcc00aBV652.25b.J36 201300a2502231 aJamieson, Bobby,d1986-10aSound doctrine :bhow a church grows in the love and holiness of God /cBobby Jamieson. aWheaton, Ill. :bCrossway,cc2013. a117 p. ;c19 cm. atextbtxt2rdacontent aunmediatedbn2rdamedia avolumebnc2rdacarrier0 a9marks aIncludes bibliographical references and index.0 aSound doctrine is for life: the life of the church -- Sound doctrine is for reading and teaching the Bible -- Sound doctrine is for holiness -- Sound doctrine is for love -- Sound doctrine is for unity -- Sound doctrine is for worship -- Sound doctrine is for witness postscript: sound doctrine is for joy. 0aChurch growth. 0aTheology, Doctrinal.08iOnline version:aJamieson, Bobby, 1986-tSound doctrinedWheaton, Ill. : Crossway, c2013z9781433535901w(DLC) 2012045638 a7bcbccorignewd1eecipf20gy-gencatlg 2lcccBK c21122d21121 00102lcc70aKABUbKABUd2026-01-22eDonationi2025/3054l0oBV652.25 .J36 2013 C.1p39542r2026-01-22 14:26:36tC.1w2026-01-22yBK